Joe Pesci Movies - Sudden Death - Statistics

General Stats
  • This quiz has been taken 375 times
    265 since last reset
  • The average score is 6 of 18
Answers on the Grid
Answers color-coded by a green-red scale on the quiz's grid according to % correct below.
Goodfellas
Casino
Raging Bull
Carlito’s Way
Donnie Brasco
The Devil’s Advocate
Home Alone
The Public Eye
Scarface
The Godfather
Serpico
The Super
Ronin
A Bronx Tale
Heat
Dog Day Afternoon
Love Ranch
Taxi Driver
Day of the Fight
Gone Fishin'
Mean Streets
Easy Money
The King of Comedy
Jimmy Hollywood
Cape Fear
Eureka
Insomnia
With Honors
Scent of a Woman
Joker
Heretic
The Insider
Jack and Jill
Lethal Weapon 2
Glengarry Glen Ross
Ocean's Thirteen
JFK
My Cousin Vinny
The Irishman
 
Answer Stats
Answer % Correct
Goodfellas
75%
Home Alone
72%
My Cousin Vinny
65%
Casino
64%
The Irishman
62%
Raging Bull
47%
Lethal Weapon 2
44%
JFK
30%
A Bronx Tale
26%
Gone Fishin'
26%
Jimmy Hollywood
22%
The Super
22%
With Honors
21%
Easy Money
14%
The Public Eye
11%
Love Ranch
10%
Day of the Fight
8%
Eureka
8%
No matching quizzes found
Score Distribution
Percent of People with Each Score
Percentile by Number Answered
Your Score History
You have not taken this quiz since the last reset